Indefensión /

El autor expone y explica aquí las principales teorías sobre la indefensión como posible causa de la depresión y la angustia; aborda también las posibilidades de cura y prevención.

محفوظ في:
التفاصيل البيبلوغرافية
المؤلف الرئيسي: Seligman, Martin E.P (autor)
التنسيق: كتاب
اللغة:الإسبانية
منشور في: Madrid, España : Debate, 1983, c1983
سلاسل:(Colección Universitaria Debate. Psicología)
الموضوعات:
الوسوم: إضافة وسم
لا توجد وسوم, كن أول من يضع وسما على هذه التسجيلة!

MARC

LEADER 00000nam^a2200000^a^4500
001 000026011
005 20250521000000.0
009 20260310084713.949
020 |a 84-7444-051-3 
037 |a Acervo ITESO - Biblioteca 
041 |a ESP 
082 |a 616. 89  |b SEL 
100 |a Seligman, Martin E.P.  |e (autor) 
245 1 0 |a Indefensión /  |c M.E.P. Seligman ; tr. por Luis Aguado Aguilar. 
264 4 |a Madrid, España :  |b Debate,  |c 1983, c1983 
300 |a 297 p. 
336 |a texto  |b txt  |2 rdacontenido 
337 |a sin mediación  |b n  |2 rdamedio 
338 |a volumen  |b nc  |2 rdasoporte 
440 1 |a (Colección Universitaria Debate.  |p Psicología) 
500 |a Traducción de: Helplesness 
520 |a El autor expone y explica aquí las principales teorías sobre la indefensión como posible causa de la depresión y la angustia; aborda también las posibilidades de cura y prevención. 
649 |a XX 
650 |a Depresión 
650 |a Ansiedad 
650 |a Indefension Aprendida -  |x Teoría -  |x Tema Principal 
650 |a Psicopatología 
650 |a Psicología Clínica 
910 |a Fondo General 
920 |a Impresos - Libros 
930 |a Colección General 
905 |a 101 
901 |a 0260110100  |b IT1  |c ACC  |i 026011  |u 20250521 
902 |a https://opac.biblio.iteso.mx/vufind/Record/000026011